[Event "CAN-op"]
[Site "Kitchener CAN"]
[Date "2006.07.22"]
[Round "9"]
[White "Cliff, Scott"]
[Black "Henry, Liam"]
[Result "0-1"]
[WhiteElo "1894"]
[BlackElo "2090"]
[PlyCount "86"]
[EventDate "2006.07.15"]
[EventType "swiss"]
[EventRounds "9"]
[EventCountry "CAN"]

1. d4 Nf6 2. c4 g6 3. Nc3 Bg7 4. e4 d6 5. Bd3 O-O 6. Nge2 Nc6 7. O-O e5 8. d5
Nd4 9. Nxd4 exd4 10. Nb5 Re8 11. Re1 a6 12. Nxd4 Nxd5 13. Nc2 Nb6 14. Rb1 Be6
15. Ne3 a5 16. b3 Nd7 17. Bb2 Bxb2 18. Rxb2 Nc5 19. Bb1 Bd7 20. Qd4 Ne6 21. Qc3
f6 22. a3 Nc5 23. Nd5 Rf8 24. Rbe2 Bc6 25. Qg3 Bxd5 26. exd5 f5 27. f4 Qf6 28.
h4 Kh8 29. Kh2 Qg7 30. Re3 Nd7 31. Re7 Rf7 32. Rxf7 Qxf7 33. Qe3 Nf6 34. Qe7
Kg7 35. Kg3 Ne4+ 36. Rxe4 fxe4 37. Qxe4 Re8 38. Qd4+ Qf6 39. Qd3 Qb2 40. f5 Re2
41. f6+ Kf7 42. Qf3 Qd2 43. Be4 Re3 0-1

[Event "CAN-op"]
[Site "Kitchener CAN"]
[Date "2006.07.22"]
[Round "9"]
[White "Demmery, Steve"]
[Black "McKim, Fred"]
[Result "1-0"]
[WhiteElo "2097"]
[BlackElo "1830"]
[PlyCount "145"]
[EventDate "2006.07.15"]
[EventType "swiss"]
[EventRounds "9"]
[EventCountry "CAN"]

1. d4 Nf6 2. c4 c5 3. d5 b5 4. cxb5 a6 5. bxa6 Bxa6 6. Nc3 d6 7. e4 Bxf1 8.
Kxf1 g6 9. g4 Bg7 10. g5 Nfd7 11. h4 h5 12. gxh6 Bxh6 13. Bxh6 Rxh6 14. Kg2 Nf6
15. Qd2 Rh8 16. Re1 Qc8 17. Qf4 Nbd7 18. Nf3 Nh5 19. Qg4 Ne5 20. Qxc8+ Rxc8 21.
Nxe5 Nf4+ 22. Kg3 dxe5 23. b3 Rh5 24. Ne2 Ra8 25. Nxf4 exf4+ 26. Kf3 Rxa2 27.
Rc1 Ra3 28. Rxc5 Rxb3+ 29. Kxf4 g5+ 30. Kg4 Rxh4+ 31. Rxh4 gxh4 32. Rc8+ Kd7
33. Rh8 e6 34. dxe6+ Kxe6 35. Rxh4 Rb1 36. Kf4 Rb5 37. Rh6+ f6 38. Rh7 Rb4 39.
Ra7 Rb6 40. Ra5 Rc6 41. f3 Rc3 42. Kg4 Re3 43. Ra4 Re1 44. f4 Rg1+ 45. Kf3 Rf1+
46. Ke3 Re1+ 47. Kd4 Rd1+ 48. Kc5 Rc1+ 49. Kd4 Rd1+ 50. Ke3 Re1+ 51. Kf2 Rb1
52. Ra6+ Ke7 53. Kf3 Rg1 54. f5 Re1 55. Ra7+ Kd6 56. Rf7 Ke5 57. Re7+ Kd4 58.
Re6 Rf1+ 59. Kg4 Rh1 60. Rxf6 Kxe4 61. Re6+ Kd5 62. Kg5 Rg1+ 63. Kf6 Rg2 64.
Kf7 Rh2 65. Re8 Kd6 66. f6 Kd7 67. Re7+ Kd6 68. Kg8 Rf2 69. Kg7 Rg2+ 70. Kf8
Rf2 71. f7 Rb2 72. Re4 Kd7 73. Rg4 1-0

[Event "CAN-op"]
[Site "Kitchener CAN"]
[Date "2006.07.22"]
[Round "9"]
[White "Doubleday, William"]
[Black "Jiang, Louie"]
[Result "1/2-1/2"]
[WhiteElo "2129"]
[BlackElo "1967"]
[PlyCount "83"]
[EventDate "2006.07.15"]
[EventType "swiss"]
[EventRounds "9"]
[EventCountry "CAN"]

1. d4 d5 2. c4 e6 3. Nc3 Nf6 4. g3 Nbd7 5. Bg2 c6 6. b3 Be7 7. Nf3 O-O 8. O-O
b6 9. Bb2 Bb7 10. Nd2 c5 11. cxd5 cxd4 12. Nb5 Bxd5 13. Nxd4 Bxg2 14. Kxg2 Nc5
15. N2f3 Rc8 16. Rc1 Qd5 17. Nb5 a6 18. Qxd5 Nxd5 19. Nc3 Nxc3 20. Bxc3 Rfd8
21. Bd4 a5 22. Rc2 Nd7 23. Rfc1 Rxc2 24. Rxc2 Bc5 25. Bxc5 Nxc5 26. Ne5 Rd5 27.
Nd3 Kf8 28. Nxc5 Rxc5 29. Rxc5 bxc5 30. Kf3 Ke7 31. Ke4 Kd6 32. Kd3 Kc6 33. Kc4
Kb6 34. e4 Kc6 35. f4 Kb6 36. g4 Kc6 37. h4 Kb6 38. h5 Kc6 39. g5 g6 40. h6 Kb6
41. e5 Kc6 42. a4 1/2-1/2

[Event "CAN-op"]
[Site "Kitchener CAN"]
[Date "2006.07.23"]
[Round "9"]
[White "Hurley, Paul"]
[Black "Wight, Keith"]
[Result "1/2-1/2"]
[WhiteElo "2098"]
[BlackElo "2035"]
[PlyCount "61"]
[EventDate "2006.07.15"]
[EventType "swiss"]
[EventRounds "9"]
[EventCountry "CAN"]

1. d4 Nf6 2. Nf3 c5 3. c3 b6 4. Bf4 Bb7 5. e3 e6 6. h3 Be7 7. Bd3 cxd4 8. exd4
d6 9. O-O Nbd7 10. Nbd2 Qc7 11. Qe2 a6 12. Ne4 h6 13. Rac1 O-O 14. c4 e5 15.
Bh2 Nxe4 16. Bxe4 Bxe4 17. Qxe4 Nf6 18. Qe2 e4 19. Nd2 Rfe8 20. Rc3 Qb7 21. Re3
Bf8 22. Re1 Rac8 23. d5 b5 24. cxb5 axb5 25. Nxe4 Nxd5 26. Qf3 Qd7 27. R3e2 f5
28. Nd2 Nf6 29. Rxe8 Rxe8 30. Rxe8 Qxe8 31. Qb3+ 1/2-1/2

[Event "CAN-op"]
[Site "Kitchener CAN"]
[Date "2006.07.22"]
[Round "9"]
[White "Lacau Rodean, Iulia"]
[Black "Ozkan, Charlie"]
[Result "1/2-1/2"]
[WhiteElo "2071"]
[BlackElo "1903"]
[PlyCount "44"]
[EventDate "2006.07.15"]
[EventType "swiss"]
[EventRounds "9"]
[EventCountry "CAN"]

1. e4 c6 2. d4 d5 3. Nd2 dxe4 4. Nxe4 Bf5 5. Ng3 Bg6 6. h4 h6 7. Nf3 Nd7 8. Bd3
Bxd3 9. Qxd3 Ngf6 10. Bd2 e6 11. O-O-O a5 12. c4 Bb4 13. Ne4 Nxe4 14. Qxe4 Nf6
15. Qe2 Bxd2+ 16. Rxd2 a4 17. Ne5 Nd7 18. d5 Nxe5 19. Qxe5 Qf6 20. Qxf6 gxf6
21. dxc6 bxc6 22. Rd6 Rg8 1/2-1/2

[Event "CAN-op"]
[Site "Kitchener CAN"]
[Date "2006.07.22"]
[Round "9"]
[White "Laughlin, Steve"]
[Black "Sauve, Richard"]
[Result "0-1"]
[WhiteElo "1997"]
[BlackElo "2004"]
[PlyCount "72"]
[EventDate "2006.07.15"]
[EventType "swiss"]
[EventRounds "9"]
[EventCountry "CAN"]

1. e4 e6 2. d4 d5 3. e5 c5 4. c3 Qb6 5. Nf3 Nc6 6. Be2 cxd4 7. cxd4 Nh6 8. b3
Nf5 9. Bb2 Bb4+ 10. Kf1 O-O 11. g4 Nh6 12. Rg1 Kh8 13. Bc1 Ng8 14. Rg3 f6 15.
Rh3 fxe5 16. dxe5 Nxe5 17. Qc2 h6 18. Be3 Qc6 19. Qxc6 Nxc6 20. a3 Be7 21. Nbd2
e5 22. Nh4 Bxh4 23. Rxh4 g5 24. Rh3 Kg7 25. Bc5 Rf7 26. b4 a6 27. Kg1 Nf6 28.
Rg3 Be6 29. Nf1 Ne4 30. Rg2 Nxc5 31. bxc5 Nd4 32. Bd1 Rc8 33. Rc1 b6 34. Ng3
bxc5 35. Nh5+ Kf8 36. Rg3 c4 0-1

[Event "CAN-op"]
[Site "Kitchener CAN"]
[Date "2006.07.23"]
[Round "9"]
[White "Pushkedra, Frank"]
[Black "Zubac, Marius"]
[Result "1-0"]
[WhiteElo "2279"]
[BlackElo "2217"]
[PlyCount "91"]
[EventDate "2006.07.15"]
[EventType "swiss"]
[EventRounds "9"]
[EventCountry "CAN"]

1. e4 c5 2. Nf3 Nc6 3. d4 cxd4 4. Nxd4 Nf6 5. Nc3 e5 6. Ndb5 d6 7. Bg5 a6 8.
Na3 b5 9. Bxf6 gxf6 10. Nd5 f5 11. Bd3 Be6 12. O-O Bxd5 13. exd5 Ne7 14. c3 e4
15. Bc2 Bg7 16. Qh5 Qc8 17. Rae1 O-O 18. f3 Ng6 19. fxe4 f4 20. Nb1 b4 21. Rf3
Qc5+ 22. Kh1 Rae8 23. Rh3 h6 24. Rf1 Qc4 25. Qd1 Qxa2 26. Nd2 bxc3 27. bxc3 Qa5
28. Nb3 Qc7 29. Nd4 Re5 30. Nf5 Rb8 31. Qa1 a5 32. Nxh6+ Bxh6 33. Rxh6 Qc4 34.
Re1 Rbe8 35. Qxa5 Rxd5 36. Qa4 Rxe4 37. Rxg6+ fxg6 38. Qa8+ Kg7 39. Bxe4 Qxc3
40. Rb1 Rc5 41. Rb7+ Kh6 42. Qf8+ Kg5 43. Qe7+ Kg4 44. Bf3+ Kf5 45. Qf7+ Kg5
46. h4+ 1-0

[Event "CAN-op"]
[Site "Kitchener CAN"]
[Date "2006.07.23"]
[Round "9"]
[White "Sadoway, Steven"]
[Black "Chuprys, Viktar"]
[Result "1/2-1/2"]
[WhiteElo "2037"]
[BlackElo "1853"]
[PlyCount "47"]
[EventDate "2006.07.15"]
[EventType "swiss"]
[EventRounds "9"]
[EventCountry "CAN"]

1. e4 e5 2. Nf3 Nc6 3. Bb5 a6 4. Bxc6 dxc6 5. O-O Qd6 6. d4 exd4 7. Nxd4 Ne7 8.
Nc3 Bd7 9. f4 c5 10. Nb3 Nc6 11. Be3 Qxd1 12. Raxd1 b6 13. a4 O-O-O 14. Nd5 f6
15. a5 Nxa5 16. Nxa5 bxa5 17. c4 a4 18. Rd2 Bd6 19. Ra1 Rhe8 20. Nc3 Kb7 21.
Rad1 Bc6 22. Bf2 Ra8 23. Re2 Bxf4 24. Bxc5 1/2-1/2

[Event "CAN-op"]
[Site "Kitchener CAN"]
[Date "2006.07.23"]
[Round "9"]
[White "Semyonov, Vladimir"]
[Black "Predescu, Sebastian"]
[Result "1/2-1/2"]
[WhiteElo "2089"]
[BlackElo "2222"]
[PlyCount "58"]
[EventDate "2006.07.15"]
[EventType "swiss"]
[EventRounds "9"]
[EventCountry "CAN"]

1. c4 g6 2. Nc3 Bg7 3. g3 d6 4. Bg2 c5 5. e3 Nf6 6. Nge2 O-O 7. O-O Nc6 8. Rb1
Rb8 9. a3 a5 10. b3 Bd7 11. Nb5 Qc8 12. Re1 Bf5 13. d3 Ne5 14. e4 Bg4 15. Rf1
Ne8 16. f3 Bd7 17. Nec3 Nc6 18. Be3 Nd4 19. Qd2 Bxb5 20. Nxb5 b6 21. Nxd4 cxd4
22. Bh6 Nc7 23. Bxg7 Kxg7 24. f4 e5 25. b4 Qa6 26. Rbc1 f6 27. fxe5 dxe5 28.
Bh3 axb4 29. axb4 Ra8 1/2-1/2

[Event "CAN-op"]
[Site "Kitchener CAN"]
[Date "2006.07.22"]
[Round "9"]
[White "Shetty, Rahul"]
[Black "Wang, David"]
[Result "1-0"]
[WhiteElo "2269"]
[BlackElo "2206"]
[PlyCount "92"]
[EventDate "2006.07.15"]
[EventType "swiss"]
[EventRounds "9"]
[EventCountry "CAN"]

1. e4 e5 2. Nf3 Nc6 3. Bb5 a6 4. Ba4 Nf6 5. O-O Nxe4 6. d4 b5 7. Bb3 d5 8. dxe5
Be6 9. Nbd2 Bc5 10. Nxe4 dxe4 11. Ng5 Qxd1 12. Rxd1 Bxb3 13. axb3 e3 14. Bxe3
Bxe3 15. fxe3 Nxe5 16. Rd5 f6 17. Rxb5 O-O-O 18. Rxa6 Ng4 19. Ra8+ Kd7 20.
Rxd8+ Rxd8 21. Rd5+ Ke7 22. Rxd8 Kxd8 23. Ne6+ Kd7 24. Nxg7 Nxe3 25. c3 Ng4 26.
h3 Ne5 27. Kf2 Nd3+ 28. Ke3 Nc5 29. b4 Na4 30. Nh5 Ke7 31. Nf4 c6 32. Nd3 Nb6
33. Kd4 Kd6 34. c4 Nc8 35. g4 Ne7 36. Ke4 Ke6 37. Nc5+ Kd6 38. Nb3 Ke6 39. Nd4+
Kd7 40. c5 Kc7 41. h4 Kb7 42. h5 Ka6 43. h6 Ng8 44. b5+ cxb5 45. Nf5 Kb7 46. b4
Kc7 1-0

[Event "CAN-op"]
[Site "Kitchener CAN"]
[Date "2006.07.23"]
[Round "9"]
[White "Swathi, Ghate"]
[Black "Mattson, Dane"]
[Result "1-0"]
[WhiteElo "2379"]
[BlackElo "1857"]
[PlyCount "81"]
[EventDate "2006.07.15"]
[EventType "swiss"]
[EventRounds "9"]
[EventCountry "CAN"]

1. e4 e6 2. d4 d5 3. Nc3 Bb4 4. e5 c5 5. a3 Ba5 6. b4 cxd4 7. Nb5 Bc7 8. f4 a6
9. Nxd4 Ne7 10. Ngf3 Nbc6 11. Be3 Bd7 12. Bd3 Bb6 13. Qd2 Qc7 14. O-O f6 15.
exf6 gxf6 16. Qf2 Ba7 17. Rae1 Qd6 18. Nb3 Bxe3 19. Qxe3 Nd8 20. Nc5 b6 21.
Nxd7 Kxd7 22. c4 Rc8 23. Rc1 Nb7 24. Rfe1 Rhg8 25. Nd4 Nd8 26. c5 bxc5 27. bxc5
Rxc5 28. Rxc5 Qxc5 29. Bxa6 Ke8 30. Bb5+ Kf7 31. Bd7 Qb6 32. Nxe6 Qxe3+ 33.
Rxe3 Ng6 34. g3 Ke7 35. Bc8 Kd6 36. Nxd8 Rxd8 37. Bf5 d4 38. Re6+ Kc5 39. Kf2
Ra8 40. h4 Rxa3 41. h5 1-0

[Event "CAN-op"]
[Site "Kitchener CAN"]
[Date "2006.07.22"]
[Round "9"]
[White "Willms, Jeff"]
[Black "Zhou, Haonan"]
[Result "1-0"]
[WhiteElo "1936"]
[BlackElo "1821"]
[PlyCount "45"]
[EventDate "2006.07.15"]
[EventType "swiss"]
[EventRounds "9"]
[EventCountry "CAN"]

1. e4 e6 2. d4 d5 3. exd5 exd5 4. c4 Nf6 5. Nc3 Bb4 6. Bd3 O-O 7. Nge2 dxc4 8.
Bxc4 Nc6 9. O-O Ba5 10. Bg5 Qd6 11. Bf4 Qd8 12. d5 Ne7 13. Bg5 Bg4 14. Bxf6
gxf6 15. Qd4 Bxe2 16. Nxe2 Ng6 17. Ng3 Re8 18. Nf5 Re5 19. Qg4 Qc8 20. Bd3 Qd8
21. f4 Re8 22. Qh5 Qd7 23. Qh6 1-0

[Event "CAN-op"]
[Site "Kitchener CAN"]
[Date "2006.07.22"]
[Round "9"]
[White "Yoos, John"]
[Black "Hecht, Hans Joachim"]
[Result "0-1"]
[WhiteElo "2373"]
[BlackElo "2394"]
[PlyCount "80"]
[EventDate "2006.07.15"]
[EventType "swiss"]
[EventRounds "9"]
[EventCountry "CAN"]

1. e4 e5 2. f4 exf4 3. Nf3 Ne7 4. Bc4 d5 5. exd5 Nxd5 6. O-O Be7 7. Nc3 Be6 8.
Qe2 Nc6 9. Bb5 O-O 10. Kh1 Re8 11. Ne4 Bf5 12. d3 Bc5 13. Bc4 Bb6 14. Nfg5 Bg6
15. Qd1 Be3 16. Rf3 h6 17. Bxe3 Nxe3 18. Nxf7 Bxf7 19. Bxf7+ Kxf7 20. Rxf4+ Kg8
21. Qf3 Nd5 22. Rf5 Re5 23. Rf7 Re7 24. Rf5 Re5 25. Rf7 Qe8 26. Rf1 Re7 27.
Rxe7 Qxe7 28. Ng3 Nf6 29. Nf5 Qe5 30. d4 Nxd4 31. Qc3 c5 32. Qc4+ Kh7 33. Ng3
Re8 34. c3 Ne2 35. Nf5 Qd5 36. Qh4 Qe4 37. Qf2 Ng4 38. Qxc5 Re5 39. Qf8 Nf2+
40. Rxf2 Qb1+ 0-1

[Event "CAN-op U1600"]
[Site "Kitchener CAN"]
[Date "2006.07.16"]
[Round "2"]
[White "Schaefer, Edward"]
[Black "Botez, Alexandra"]
[Result "1/2-1/2"]
[WhiteElo "1572"]
[BlackElo "1436"]
[PlyCount "79"]
[EventDate "2006.07.15"]
[EventType "swiss"]
[EventRounds "9"]
[EventCountry "CAN"]

1. d4 d5 2. c4 e6 3. Nf3 c6 4. Nc3 Nf6 5. Bg5 Be7 6. e3 Nbd7 7. a4 a5 8. Bd3
dxc4 9. Bxc4 Nb6 10. Be2 Nfd5 11. Bxe7 Qxe7 12. O-O O-O 13. e4 Nxc3 14. bxc3
Rd8 15. Rb1 Nd7 16. e5 b6 17. Qb3 Ba6 18. Bc4 Bxc4 19. Qxc4 c5 20. Rb5 cxd4 21.
cxd4 Rdc8 22. Qb3 Rc6 23. Nd2 Rac8 24. d5 exd5 25. Qxd5 Rc5 26. Qe4 Rxb5 27.
axb5 Qxe5 28. Qb7 Qc7 29. Qd5 Nf6 30. Qf5 Qd7 31. Qxd7 Nxd7 32. Ne4 Rc4 33. f3
Kf8 34. Rd1 Rc7 35. Nd6 Nc5 36. Re1 Re7 37. Rxe7 Kxe7 38. Nc8+ Kd8 39. Nxb6 a4
40. Nc4 1/2-1/2

[Event "CAN-op U1600"]
[Site "Kitchener CAN"]
[Date "2006.07.17"]
[Round "3"]
[White "Botez, Alexandra"]
[Black "Zlatnov, Petar"]
[Result "1-0"]
[WhiteElo "1436"]
[BlackElo "1355"]
[PlyCount "53"]
[EventDate "2006.07.15"]
[EventType "swiss"]
[EventRounds "9"]
[EventCountry "CAN"]

1. d4 Nf6 2. c4 e6 3. Nc3 Bb4 4. a3 Bxc3+ 5. bxc3 O-O 6. Bg5 h6 7. Bh4 b6 8. f3
Bb7 9. e4 g5 10. Bf2 d6 11. Bd3 e5 12. Ne2 Nbd7 13. Ng3 Ne8 14. Nf5 Ng7 15.
Nxg7 Kxg7 16. h4 f6 17. Qd2 Qe7 18. hxg5 fxg5 19. Ke2 Rf6 20. Rh5 Rh8 21. Rah1
Nf8 22. Be3 Ne6 23. Bxg5 Nxg5 24. Rxg5+ Kf7 25. Rgh5 Rg6 26. g4 Qf6 27. Rf5 1-0

[Event "CAN-op U1600"]
[Site "Kitchener CAN"]
[Date "2006.07.17"]
[Round "3"]
[White "Sadler, Kirk"]
[Black "Schaefer, Edward"]
[Result "0-1"]
[WhiteElo "1409"]
[BlackElo "1572"]
[PlyCount "58"]
[EventDate "2006.07.15"]
[EventType "swiss"]
[EventRounds "9"]
[EventCountry "CAN"]

1. e4 c5 2. Nf3 e6 3. d4 cxd4 4. Nxd4 Nc6 5. Nc3 Nf6 6. Ndb5 d6 7. Bg5 a6 8.
Bxf6 gxf6 9. Nd4 Rg8 10. f4 Qb6 11. Nxc6 Qxb2 12. Na4 Qa3 13. Qd4 bxc6 14. Nb6
Qa5+ 15. c3 c5 16. Qa4+ Qxa4 17. Nxa4 Rb8 18. g3 Bd7 19. Nxc5 dxc5 20. Bxa6 Bc6
21. Bd3 Bg7 22. O-O f5 23. Rfb1 Rd8 24. Rb6 Bxc3 25. Rab1 fxe4 26. Be2 Bd5 27.
Ra6 Bd2 28. Ra7 c4 29. Rc7 Bxf4 0-1

[Event "CAN-op U1600"]
[Site "Kitchener CAN"]
[Date "2006.07.17"]
[Round "3"]
[White "Vera, Jesus"]
[Black "Lawson, Bianca"]
[Result "1-0"]
[WhiteElo "1417"]
[BlackElo "1348"]
[PlyCount "53"]
[EventDate "2006.07.15"]
[EventType "swiss"]
[EventRounds "9"]
[EventCountry "CAN"]

1. e4 e5 2. Nf3 Nc6 3. Bb5 a6 4. Ba4 Bc5 5. c3 b5 6. Bb3 Nge7 7. Ng5 d5 8. d3
h6 9. Nf3 Bg4 10. h3 Be6 11. O-O d4 12. Bxe6 fxe6 13. Nh4 Kd7 14. b4 Bd6 15. a4
dxc3 16. axb5 axb5 17. Rxa8 Qxa8 18. Na3 Nd4 19. Nc2 Nxc2 20. Qxc2 Bxb4 21. f4
Qa7+ 22. Kh1 g5 23. fxg5 hxg5 24. Nf3 Kd6 25. Nxg5 Rh5 26. Qb3 Nc6 27. Qxe6+
1-0

[Event "CAN-op U1600"]
[Site "Kitchener CAN"]
[Date "2006.07.18"]
[Round "4"]
[White "Lawson, Bianca"]
[Black "Rawding, Mike"]
[Result "0-1"]
[WhiteElo "1348"]
[BlackElo "1557"]
[PlyCount "75"]
[EventDate "2006.07.15"]
[EventType "swiss"]
[EventRounds "9"]
[EventCountry "CAN"]

1. e4 c5 2. Nf3 d6 3. d4 cxd4 4. Nxd4 Nf6 5. Nc3 a6 6. Be3 Qc7 7. Be2 e6 8. f4
Be7 9. O-O O-O 10. Bd3 b5 11. a3 Bb7 12. f5 e5 13. Nb3 Nbd7 14. h3 d5 15. exd5
Nxd5 16. Nxd5 Bxd5 17. Nd2 Bc5 18. Qe2 Nf6 19. Bxc5 Qxc5+ 20. Qf2 Qxf2+ 21.
Kxf2 e4 22. Be2 Rfe8 23. Ke3 Bc6 24. c4 Rad8 25. b3 Rd7 26. Rad1 Red8 27. g4
bxc4 28. Bxc4 Bb5 29. Rfe1 Bxc4 30. bxc4 Rd3+ 31. Ke2 Kf8 32. g5 Nh5 33. Rc1
Nf4+ 34. Kf1 Rxd2 35. Rxe4 Nxh3 36. g6 hxg6 37. fxg6 Rh2 38. Rg4 0-1

[Event "CAN-op U1600"]
[Site "Kitchener CAN"]
[Date "2006.07.19"]
[Round "5"]
[White "Brauer, Mark"]
[Black "Botez, Alexandra"]
[Result "0-1"]
[WhiteElo "1390"]
[BlackElo "1436"]
[PlyCount "116"]
[EventDate "2006.07.15"]
[EventType "swiss"]
[EventRounds "9"]
[EventCountry "CAN"]

1. e4 e6 2. d4 d5 3. Nd2 c5 4. exd5 Qxd5 5. dxc5 Bxc5 6. Ngf3 Nf6 7. Bc4 Qd6 8.
O-O O-O 9. Qe2 Nc6 10. Nb3 b6 11. Nxc5 Qxc5 12. Be3 Qe7 13. Bb5 Bb7 14. Rfe1
Rfd8 15. Bf4 Nd4 16. Nxd4 Rxd4 17. Be3 Rd6 18. Rad1 Rxd1 19. Rxd1 Rd8 20. Rxd8+
Qxd8 21. Bg5 Qd5 22. Qf3 Qxg5 23. Qxb7 Qxb5 24. Qxa7 g6 25. b3 Qe2 26. g3 Qxc2
27. Qxb6 Qxa2 28. b4 Qb1+ 29. Kg2 Qe4+ 30. Kg1 Nd5 31. Qb8+ Kg7 32. b5 h5 33.
h4 Qb1+ 34. Kg2 Qb2 35. Kg1 e5 36. Qb7 Qd4 37. Qc6 Nf6 38. Qg2 Qc5 39. Qf1 Ne4
40. Qe1 Nf6 41. Qf1 Nd5 42. Qe2 Nc3 43. Qc2 Qb4 44. b6 Nd5 45. Qe2 Qxb6 46.
Qxe5+ Nf6 47. Kg2 Qe6 48. Qb2 Qe4+ 49. Kh2 Qf3 50. Kg1 Kh7 51. Qd2 Ne4 52. Qa2
Nxg3 53. fxg3 Qxg3+ 54. Kf1 Qh3+ 55. Kg1 Qg3+ 56. Kf1 Qd3+ 57. Kg1 Qd4+ 58. Kf1
Kg7 0-1

[Event "CAN-op U1600"]
[Site "Kitchener CAN"]
[Date "2006.07.19"]
[Round "5"]
[White "Draak, Jan"]
[Black "Lee, Mei Chen"]
[Result "0-1"]
[WhiteElo "1211"]
[BlackElo "1452"]
[PlyCount "88"]
[EventDate "2006.07.15"]
[EventType "swiss"]
[EventRounds "9"]
[EventCountry "CAN"]

1. Nf3 g6 2. e4 d6 3. d4 Bg7 4. Nc3 Nf6 5. Be2 O-O 6. O-O c5 7. Be3 Qc7 8. Nb5
Qb6 9. dxc5 dxc5 10. e5 Nfd7 11. Bf4 a6 12. Na3 Qxb2 13. Nc4 Qb4 14. Rb1 Qa4
15. a3 b5 16. c3 Qxd1 17. Rfxd1 bxc4 18. Bxc4 Nc6 19. Re1 e6 20. h3 a5 21. Bb5
Bb7 22. Nd2 Rab8 23. Nc4 Rfd8 24. a4 Bf8 25. Bg5 Ne7 26. Rbd1 Bd5 27. Nxa5 Nb6
28. c4 Ba8 29. Bc6 h6 30. Bf6 Rd4 31. Bb5 Kh7 32. Nb3 Rxd1 33. Rxd1 Ng8 34. Bd8
Be4 35. Bxb6 Rxb6 36. Rd2 Bc6 37. a5 Rb8 38. Na1 Bxb5 39. cxb5 Rxb5 40. Ra2 Ne7
41. a6 Rb8 42. a7 Ra8 43. Nb3 Nc6 44. f4 Rxa7 0-1

[Event "CAN-op U1600"]
[Site "Kitchener CAN"]
[Date "2006.07.19"]
[Round "5"]
[White "Perez, Michael"]
[Black "Zlatnov, Petar"]
[Result "1-0"]
[WhiteElo "1508"]
[BlackElo "1355"]
[PlyCount "93"]
[EventDate "2006.07.15"]
[EventType "swiss"]
[EventRounds "9"]
[EventCountry "CAN"]

1. e4 c5 2. Nf3 d6 3. d4 cxd4 4. Nxd4 Nf6 5. Nc3 g6 6. f3 Bg7 7. Be3 O-O 8. Qd2
Nc6 9. Be2 Bd7 10. h4 h5 11. Rg1 Rc8 12. Nxc6 Bxc6 13. Bd3 e5 14. O-O-O d5 15.
exd5 Nxd5 16. Ne4 Nxe3 17. Qxe3 Qd4 18. Qe2 Ba4 19. g4 Rc6 20. gxh5 Rfc8 21.
Kb1 Qb6 22. b3 Bb5 23. hxg6 fxg6 24. Rc1 Bxd3 25. Qxd3 Bh6 26. Qd5+ Kf8 27. Ng5
Bxg5 28. Rxg5 Qd4 29. Qxe5 Qxe5 30. Rxe5 Kf7 31. c4 Kf6 32. Rce1 R8c7 33. Kc2
Rh7 34. R1e4 a6 35. a4 Rh5 36. Re8 Rf5 37. Rf8+ Kg7 38. Rxf5 gxf5 39. Re5 Kg6
40. f4 Kh5 41. Rxf5+ Kxh4 42. Rf7 b6 43. Kc3 Rd6 44. Kb4 Kg4 45. f5 Kg5 46. a5
bxa5+ 47. Kxa5 1-0

[Event "CAN-op U1600"]
[Site "Kitchener CAN"]
[Date "2006.07.19"]
[Round "5"]
[White "Schaefer, Edward"]
[Black "Ortiz, Hugo"]
[Result "1-0"]
[WhiteElo "1572"]
[BlackElo "1384"]
[PlyCount "93"]
[EventDate "2006.07.15"]
[EventType "swiss"]
[EventRounds "9"]
[EventCountry "CAN"]

1. d4 c6 2. c4 d5 3. Nf3 Nf6 4. Nc3 e6 5. Bg5 Be7 6. Qc2 Nbd7 7. e4 dxe4 8.
Nxe4 b6 9. Bd3 h6 10. Bd2 Bb7 11. O-O c5 12. Rfe1 O-O 13. Rad1 Qc7 14. Qc1 Nxe4
15. Bxe4 Bxe4 16. Rxe4 Nf6 17. Re2 Kh7 18. Rde1 cxd4 19. Nxd4 Qd7 20. Qc2+ g6
21. Nf3 Rac8 22. Qc1 Ng8 23. Ne5 Qc7 24. Bf4 Bd6 25. b3 f6 26. Nd3 Bxf4 27.
Nxf4 Rf7 28. Nxe6 Qc6 29. Qc2 f5 30. Qd3 Nf6 31. Qh3 Nh5 32. Qh4 Rd7 33. Nd4
Qd6 34. Nb5 Qf8 35. Nc3 Nf6 36. Re6 g5 37. Qh3 Rcd8 38. Qxf5+ Kg7 39. Qe5 Kg6
40. Nd5 Rf7 41. Re3 Kg7 42. Rg3 b5 43. h4 bxc4 44. bxc4 g4 45. Rxg4+ Kh7 46.
Nxf6+ Rxf6 47. Rxf6 1-0

[Event "CAN-op U1600"]
[Site "Kitchener CAN"]
[Date "2006.07.19"]
[Round "5"]
[White "Wong, Ming Jinq"]
[Black "Grayson, Henry"]
[Result "1/2-1/2"]
[WhiteElo "1190"]
[BlackElo "1539"]
[PlyCount "102"]
[EventDate "2006.07.15"]
[EventType "swiss"]
[EventRounds "9"]
[EventCountry "CAN"]

1. e4 c5 2. Nf3 e6 3. d4 cxd4 4. Nxd4 a6 5. Nc3 Nc6 6. Bc4 Nf6 7. a3 Be7 8. O-O
O-O 9. Bf4 d6 10. Qd3 Nxd4 11. Qxd4 e5 12. Bxe5 dxe5 13. Qxe5 Qd6 14. Qxd6 Bxd6
15. f4 b5 16. Bd3 Bc5+ 17. Kh1 Ng4 18. h3 Nf6 19. a4 b4 20. Nd5 Nxd5 21. exd5
Bb7 22. Be4 f5 23. Bf3 Rac8 24. c4 bxc3 25. bxc3 Bd6 26. Rac1 Bxf4 27. Rc2 Rc4
28. Rb1 Rxa4 29. g3 Bxg3 30. Rxb7 Rb8 31. Rxb8+ Bxb8 32. Kg2 Kf7 33. c4 Ke7 34.
c5 Bc7 35. d6+ Bxd6 36. Re2+ Kf6 37. cxd6 Rd4 38. Ra2 Rxd6 39. Bb7 Rb6 40. Bxa6
Kg5 41. Bd3 g6 42. Kg3 Rb3 43. Rd2 Kf6 44. Kg2 h6 45. Bc4 Rb6 46. Kg3 h5 47.
Kh4 Rb4 48. Rc2 Rb8 49. Kg3 g5 50. h4 Rc8 51. hxg5+ Kxg5 1/2-1/2

[Event "CAN-op U1600"]
[Site "Kitchener CAN"]
[Date "2006.07.20"]
[Round "6"]
[White "Draak, Jan"]
[Black "Lawson, Bianca"]
[Result "0-1"]
[WhiteElo "1211"]
[BlackElo "1348"]
[PlyCount "78"]
[EventDate "2006.07.15"]
[EventType "swiss"]
[EventRounds "9"]
[EventCountry "CAN"]

1. Nf3 Nc6 2. e4 e5 3. Nc3 Nge7 4. d4 exd4 5. Nxd4 d5 6. Nxc6 bxc6 7. exd5 cxd5
8. Bd3 g6 9. Ne2 Bg7 10. c3 c6 11. O-O O-O 12. h3 c5 13. b3 a5 14. a4 Be6 15.
Rb1 c4 16. bxc4 dxc4 17. Bc2 Rb8 18. Bb2 Nf5 19. Re1 Nh4 20. Qxd8 Rfxd8 21. Nd4
Bxd4 22. cxd4 Bxh3 23. Bc3 Rxb1 24. Rxb1 Bxg2 25. Kh2 Ba8 26. Bxa5 Rc8 27. Bc3
Nf3+ 28. Kg3 Ng5 29. a5 Ne4+ 30. Bxe4 Bxe4 31. Re1 Bb7 32. Re7 Bd5 33. a6 Ra8
34. a7 Kg7 35. Kf4 Kf6 36. Rc7 h5 37. Kg3 Ke6 38. f4 Kd6 39. Rxf7 Bxf7 0-1

[Event "CAN-op U1600"]
[Site "Kitchener CAN"]
[Date "2006.07.20"]
[Round "6"]
[White "Grayson, Henry"]
[Black "Perez, Michael"]
[Result "1/2-1/2"]
[WhiteElo "1539"]
[BlackElo "1508"]
[PlyCount "87"]
[EventDate "2006.07.15"]
[EventType "swiss"]
[EventRounds "9"]
[EventCountry "CAN"]

1. Nf3 Nf6 2. g3 c6 3. Bg2 d5 4. d4 h6 5. b3 Bf5 6. Nfd2 Qd7 7. Bb2 Bh3 8. O-O
Bxg2 9. Kxg2 Na6 10. h3 g5 11. c4 g4 12. h4 Nc7 13. Nc3 dxc4 14. Nxc4 O-O-O 15.
e3 Qf5 16. Ne5 Rh7 17. f3 gxf3+ 18. Nxf3 Ng4 19. Qe2 Qg6 20. Nh2 Nxh2 21. Kxh2
Rg7 22. Qf3 e6 23. Rf2 Nd5 24. e4 Bd6 25. Rg1 Nc7 26. Ne2 Rf8 27. Rgg2 f5 28.
e5 Be7 29. Bc1 h5 30. Nf4 Qg4 31. Nxh5 Qxf3 32. Rxf3 Rg6 33. Nf4 Rg4 34. Kg1
Kd7 35. Be3 Rfg8 36. h5 Bg5 37. Ne2 Bxe3+ 38. Rxe3 Nd5 39. Rf3 R8g5 40. h6 Ne7
41. Nf4 Rg8 42. Nh5 Nd5 43. Rh2 Rh8 44. Nf4 1/2-1/2

[Event "CAN-op U1600"]
[Site "Kitchener CAN"]
[Date "2006.07.20"]
[Round "6"]
[White "Lee, Mei Chen"]
[Black "Dubbin, Christopher"]
[Result "0-1"]
[WhiteElo "1452"]
[BlackElo "1087"]
[PlyCount "46"]
[EventDate "2006.07.15"]
[EventType "swiss"]
[EventRounds "9"]
[EventCountry "CAN"]

1. e4 e5 2. Nc3 Nc6 3. g3 Nge7 4. Bg2 d6 5. d3 Ng6 6. h3 Be7 7. Be3 O-O 8. Nge2
f5 9. f4 exf4 10. Nxf4 Nxf4 11. Bxf4 Bg5 12. O-O Bf6 13. h4 Bd4+ 14. Kh2 Ne5
15. Bxe5 Bxe5 16. Qh5 f4 17. gxf4 Bxf4+ 18. Kh1 Rf6 19. Ne2 Rh6 20. Qd5+ Be6
21. Qd4 Qxh4+ 22. Kg1 Bh2+ 23. Kh1 Bg3+ 0-1